书目信息 |
| 题名: |
中华人民共和国刑法总则讲义
|
|
| 作者: | ;中央政法干部学校刑法刑事诉讼法教研室 编著 | |
| 分册: | ||
| 出版信息: | 北京 群众出版社 1980 |
|
| 页数: | 270页 | |
| 开本: | 19cm | |
| 丛书名: | ||
| 单 册: | ||
| 中图分类: | D924.105 | |
| 科图分类: | ||
| 主题词: | 刑法--基本知识--中国 | |
| 电子资源: | ||
| ISBN: | 6067.1 | |
| 000 | 00784nam0 2200229 450 | |
| 001 | 0180000313 | |
| 005 | 20100712215712.0 | |
| 010 | @a6067.1@dCNY0.64 | |
| 091 | @a6067.1 | |
| 100 | @a19960215d1980 em y0chiy0110 ea | |
| 101 | 0 | @achi |
| 102 | @aCN@b110000 | |
| 105 | @ay zn 000yy | |
| 106 | @ar | |
| 200 | 1 | @a中华人民共和国刑法总则讲义@9Zhong Hua Ren Min Gong He;Huo;Hu Guo Xing Fa Zong Ze Jiang Yi @f中央政法干部学校刑法刑事诉讼法教研室编著 |
| 210 | @a北京@c群众出版社@d1980 | |
| 215 | @a270页@d19cm | |
| 606 | 0 | @a刑法@x基本知识@y中国 |
| 690 | @aD924.105@v3 | |
| 711 | 02 | @a中央政法干部学校刑法刑事诉讼法教研室@9zhong yang zheng fa gan bu xue xiao xing fa xing shi su song fa jiao yan shi@4编著 |
| 801 | 0 | @aCN@bAzMarc@c20130904 |
| 905 | @aBZT@dD924.105@e2@f2@sD924.105/2 | |
| 中华人民共和国刑法总则讲义/中央政法干部学校刑法刑事诉讼法教研室编著.-北京:群众出版社,1980 |
| 270页;19cm |
| ISBN 6067.1:CNY0.64 |
| ● |
| 相关链接 |
|
|
|
正题名:中华人民共和国刑法总则讲义
索取号:D924.105/2
 
预约/预借
| 序号 | 登录号 | 条形码 | 馆藏地/架位号 | 状态 | 备注 |
| 1 | 2000137535 | 2000137535 | 旧书回溯/ [索取号:D924.105/2] | 在馆 | |
| 2 | 2000151141 | 2000151141 | 旧书回溯/ [索取号:D924.105/2] | 在馆 |